Repercusiones en América Latina de los cambios en Europa. Parte 1: relaciones América Latina-Europa /

Պահպանված է:
Մատենագիտական մանրամասներ
Հիմնական հեղինակ: Ríos Barboza, Mayrand
Համատեղ հեղինակներ: UNA. Escuela de Relaciones Internacionales, OEA
Այլ հեղինակներ: ed.
Ձևաչափ: Տեքստ
Հրապարակվել է: Heredia: UNA
Ցուցիչներ: Ավելացրեք ցուցիչ
Չկան պիտակներ, Եղեք առաջինը, ով նշում է այս գրառումը!

MARC

LEADER 00000 a a2200000 04500
001 25929
003
040
090 |a 174401  
100 |a Ríos Barboza, Mayrand  
110 |a UNA. Escuela de Relaciones Internacionales  
245 |a Repercusiones en América Latina de los cambios en Europa. Parte 1: relaciones América Latina-Europa /  |c UNA. Escuela de Relaciones Internacionales  
260 |a Heredia:   |b UNA  
300 |a 192 p.  
700 |a ed.  
710 |a OEA  
999 |c 9627  |d 9627